Power electronics (Record no. 1404)

000 -LEADER
fixed length control field 00542nam a2200205 4500
001 - CONTROL NUMBER
control field 1404
003 - CONTROL NUMBER IDENTIFIER
control field BD-DhUET
008 - FIXED-LENGTH DATA ELEMENTS--GENERAL INFORMATION
fixed length control field 140906b xxu||||| |||| 00| 0 eng d
020 ## - INTERNATIONAL STANDARD BOOK NUMBER
International Standard Book Number 8120325036
040 ## - CATALOGING SOURCE
Transcribing agency 0
Modifying agency BD-DhUET
082 ## - DEWEY DECIMAL CLASSIFICATION NUMBER
Classification number 623.17
Item number RAS/2004
100 ## - MAIN ENTRY--PERSONAL NAME
Personal name Rashid, Muhammad H.
245 ## - TITLE STATEMENT
Title Power electronics
Remainder of title circuits, devices, and applications
250 ## - EDITION STATEMENT
Edition statement 3rd ed.
260 ## - PUBLICATION, DISTRIBUTION, ETC. (IMPRINT)
Place of publication, distribution, etc. New Delhi
Name of publisher, distributor, etc. Prentice-Hall of India
Date of publication, distribution, etc. 2004
300 ## - PHYSICAL DESCRIPTION
Extent xxiv,880p.
504 ## - BIBLIOGRAPHY, ETC. NOTE
Bibliography, etc Includes bibliographies
650 #0 - SUBJECT ADDED ENTRY--TOPICAL TERM
Topical term or geographic name as entry element Power electronics
942 ## - ADDED ENTRY ELEMENTS (KOHA)
Koha item type General Book
Holdings
Lost status Shelving location Koha date last borrowed Source of classification or shelving scheme Piece designation (barcode) Koha full call number Sublocation or collection (holding branch) Koha issues (times borrowed) Location (home branch) Price effective from Koha date last seen Koha normalized classification for sorting Damaged status Withdrawn status Koha item type Copy number Not for loan Date acquired
 Circulation section2021-12-19 103652623.17/RAS/2004Central Library, BUET4Central Library, BUET2014-09-062022-04-12623_000000000000000_17RAS2004  General Book1 2014-09-06
 Circulation section2022-11-29 103653623.17/RAS/2004Central Library, BUET1Central Library, BUET2014-09-062022-11-29623_000000000000000_17RAS2004  General Book2 2014-09-06
 Circulation section2018-10-28 103654623.17/RAS/2004Central Library, BUET2Central Library, BUET2014-09-062018-11-27623_000000000000000_17RAS2004  General Book3 2014-09-06
 Circulation section  103655623.17/RAS/2004Central Library, BUET Central Library, BUET2014-09-062014-09-06623_000000000000000_17RAS2004  General Book4 2014-09-06
 Circulation section2014-12-07 103656623.17/RAS/2004Central Library, BUET1Central Library, BUET2014-09-062016-03-07623_000000000000000_17RAS2004  General Book5 2014-09-06
 Circulation section2023-09-23 103657623.17/RAS/2004Central Library, BUET4Central Library, BUET2014-09-062025-01-26623_000000000000000_17RAS2004  General Book6 2014-09-06
 Circulation section2024-12-08 103658623.17/RAS/2004Central Library, BUET3Central Library, BUET2014-09-062025-02-09623_000000000000000_17RAS2004  General Book7 2014-09-06
 Circulation section2023-09-24 103659623.17/RAS/2004Central Library, BUET3Central Library, BUET2014-09-062023-10-04623_000000000000000_17RAS2004  General Book8 2014-09-06
 Circulation section  103660623.17/RAS/2004Central Library, BUET Central Library, BUET2014-09-062014-09-06623_170000000000000_RAS_2004  General Book9 2014-09-06
 Circulation section  103661623.17/RAS/2004Central Library, BUET Central Library, BUET2014-09-062014-09-06623_000000000000000_17RAS2004  General Book10 2014-09-06